WORLD CLINICAL PULMONARY AND CRITICAL CARE MEDICINE (Record no. 14327)
[ view plain ]
| 000 -LEADER | |
|---|---|
| fixed length control field | 00283nam a22001217a 4500 |
| 003 - CONTROL NUMBER IDENTIFIER | |
| control field | SGT |
| 082 ## - DEWEY DECIMAL CLASSIFICATION NUMBER | |
| Classification number | 616.995 |
| Item number | W14J |
| 100 ## - MAIN ENTRY--PERSONAL NAME | |
| Personal name | JINDAL,SURINDER K |
| 245 ## - TITLE STATEMENT | |
| Title | WORLD CLINICAL PULMONARY AND CRITICAL CARE MEDICINE |
| 260 ## - PUBLICATION, DISTRIBUTION, ETC. (IMPRINT) | |
| Place of publication, distribution, etc | INDIA |
| Name of publisher, distributor, etc | JAYPEE |
| Year of Publication | 2014 |
| 300 ## - PAGE DESCRIPTION | |
| No. of Pages | 212 |
| 942 ## - ADDED ENTRY ELEMENTS (KOHA) | |
| Source of classification or shelving scheme | Dewey Decimal Classification |
| Koha item type | Books |
| Withdrawn status | Lost status | Source of classification or shelving scheme | Damaged status | Not for loan | Collection code | Home library | Current library | Shelving location | Date acquired | Vendor Name | Cost, normal purchase price | Volume Information (Serial or Books or Non-Book Material) | SGTU | Bill Number | Total Checkouts | Full call number | Accession No. (Barcode) | Date last seen | Bill Date | Koha item type |
|---|---|---|---|---|---|---|---|---|---|---|---|---|---|---|---|---|---|---|---|---|
| Dewey Decimal Classification | MEDICAL | SGT Medical Library | SGT Medical Library | Reference Book | 28/12/2017 | ABC DELHI | 2195.00 | 3/1 | SGTU | 8708 | 616.995 W14J | FM9241 | 28/12/2017 | 02/09/2017 | Books | |||||
| Dewey Decimal Classification | MEDICAL | SGT Medical Library | SGT Medical Library | Reference Book | 28/12/2017 | ABC DELHI | 2195.00 | 3/1 | SGTU | 8708 | 616.995 W14J | FM9242 | 28/12/2017 | 02/09/2017 | Books |